000 00522nam a2200181Ia 4500
005 20250326141630.0
008 250326s9999 xx 000 0 und d
037 _aTextbook
040 _aFMSL
_beng
_cFMSL
041 _aeng
_2eng
084 _aX:89ZB(Y31).44 M9
_qFMSL
100 _aVijay C M
_9744802
245 0 _aRural development administration in India
_cVijay C M
260 _aDelhi
_bDelhi, Akashdeep
_c1989
300 _a218p
942 _cTB
_hX:89ZB(Y31).44 M9
999 _c1291231
_d1291231